000 00684nam a2200253Ia 4500
001 15091
005 20240113235607.0
007 ta
008 051201s1942 g b000 u 465 u
040 _aCotton College,Assam
041 _a465
082 _a514.6
_bT 371 El
100 _aThompson, James E..
245 0 _aElements of Spherical Trigonometry /
_cJames E.Thompson.
_hTextual Documents
250 _a1st ed. /
260 _aLondon :
_bD. Van Nostrand Co., Inc ,
_c1942.
300 _a144p. ;
_c20cm.
653 _aTrigonometry
653 _aSpherical Trigonometry
653 _aG-Mathematics
942 _2ddc
_cBK
999 _c15077
_d15077